Fast Math Addition (1000-5000) - Statistics

General Stats
  • This quiz has been taken 56 times
    52 since last reset
  • The average score is 8 of 15
Answer Stats
Math Equation Sum % Correct
3131+1313 4444
78%
2090+3204 5294
75%
4999+4999 9998
75%
3141+4231 7372
69%
4141+2121 6262
63%
1234+4321 5555
56%
2222+3568 5790
53%
5000+5000 10000
50%
3111+4222 7333
50%
4342+4342 8684
50%
4395+2188 6583
47%
4321+4321 8642
38%
2345+5432 7777
34%
2323+4545 6868
25%
4345+4216 8561
19%
No matching quizzes found
Score Distribution
Percent of People with Each Score
Percentile by Number Answered
Your Score History
You have not taken this quiz since the last reset